=LDR 00000nam 2200000 4500 =001 INLIS000000000050796 =005 20200310065918 =035 ##$$a 0010-0617000004 =007 ta =008 200310################g##########0#ind## =020 ##$$a 978-979-25-4596-8 =082 ##$$a 297.77 =084 ##$$a 297.77 SAL s =100 #$$a Salsa Az Zahra =245 1#$$a Seratus satu tips dan ide membimbing spiritualitas anak /$c Salsa Az Zahra =260 ##$$a Yogyakarta :$b Darul Hikmah,$c 2013 =300 ##$$a 99 hlm. ; $c 13 x 21 cm. =650 #4$$a Islam - Pendidikan =504 ##$$a indeks : hlm. 97 -99 =250 ##$$a cet.4 =990 ##$$a 21304763 =990 ##$$a 21304761 =990 ##$$a 21304759 =990 ##$$a 20902100/ pb - 09 =990 ##$$a 21304763 =990 ##$$a 21304761 =990 ##$$a 21304759 =990 ##$$a 20902099/ Pb-09 =990 ##$$a 20902100/ pb - 09 =990 ##$$a 21304763 =990 ##$$a 21304761 =990 ##$$a 21304759 =990 ##$$a 20902097/ Pb-09 =990 ##$$a 20902099/ Pb-09 =990 ##$$a 20902100/ pb - 09 =990 ##$$a 21304763 =990 ##$$a 21304761 =990 ##$$a 21304759 =990 ##$$a 20902098/ pb - 09 =990 ##$$a 20902097/ Pb-09 =990 ##$$a 20902099/ Pb-09 =990 ##$$a 20902100/ pb - 09 =990 ##$$a 21304763 =990 ##$$a 21304761 =990 ##$$a 21304759